000 00446nam a2200157Ia 4500
008 220216s9999 xx 000 0 und d
100 _aPatil Pankaj Y
245 0 _aMechanistic study of the role of one-component resins in rubber-to-brass bonding in tires
260 _bRubber Chemistry and Technology
_c2004
300 _a891-913
650 _aBonding
650 _aResins
650 _aTires
700 _avan Ooij William J
942 _cJS
999 _c62793
_d62793